00231nam a2200097Ia 4500008004100000041000800041100001200049245001800061260003500079999001900114241105s9999 xx 000 0 und d aeng aShah P. aDance Academy bFinal Year B. Arch, BNCAc1999 c359954d359954